Countries with the most Tamils - Statistics

General Stats
  • This quiz has been taken 774 times
  • The average score is 13 of 20
Answer Stats
Answer % Correct
India
98%
Sri Lanka
93%
United States
92%
United Kingdom
88%
Canada
85%
Malaysia
81%
France
79%
Singapore
79%
Australia
76%
Germany
76%
Indonesia
72%
Italy
61%
Thailand
58%
Myanmar
50%
South Africa
48%
Netherlands
41%
Switzerland
37%
Norway
35%
Mauritius
28%
Fiji
25%
No matching quizzes found
Score Distribution
Percent of People with Each Score
Percentile by Number Answered
Your Score History
You have not taken this quiz